Coyuntura
Gespeichert in:
| Format: | Text |
|---|---|
| Tags: |
Tag hinzufügen
Keine Tags, Fügen Sie den ersten Tag hinzu!
|
MARC
| LEADER | 00000 a a2200000 04500 | ||
|---|---|---|---|
| 001 | 17547 | ||
| 003 | |||
| 040 | |||
| 245 | |a Coyuntura | ||
| 773 | |g número 54; páginas 849-862 | ||
| 999 | |c 36115 |d 36115 | ||
